Grossissements de filtrations : exemples et applications : seminaire de calcul stochastique 1982/83 Universite Paris VI

Αποθηκεύτηκε σε:
Λεπτομέρειες βιβλιογραφικής εγγραφής
Άλλοι συγγραφείς: Yor, Marc, Jeulin, Th., 1949- (Επιμελητής έκδοσης)
Μορφή: Βιβλίο
Γλώσσα:French
Δημοσίευση: Berlin : Springer-Verlag, c1985.
Σειρά:Lecture notes in mathematics (Springer-Verlag) ; 1118
Θέματα:
Ετικέτες: Προσθήκη ετικέτας
Δεν υπάρχουν, Καταχωρήστε ετικέτα πρώτοι!

MARC

LEADER 00000cam a2200000 i 4500
001 1/62531
008 941103s1985 gw ||| | fre||
020 |a 3540152105 
035 |a 1993  |l 10046633 
040 |a GR-MyUA  |b gre  |e AACR2 
041 0 |a fre 
082 0 |a 519.2  
245 1 0 |a Grossissements de filtrations :   |b exemples et applications : seminaire de calcul stochastique 1982/83 Universite Paris VI /   |c edite par Th. Jeulin et M. Yor.  
260 |a Berlin :   |b Springer-Verlag,   |c c1985.  
300 |a v, 315 σ ;   |c 25 εκ.  
490 1 |a (Lecture notes in mathematics (Springer-Verlag)   |v ; 1118) 
500 |a Summary in English 
500 |a Περιέχει βιβλιογραφικές αναφορές.  
650 0 0 |a Stochastic processes. 
650 0 0 |a Markov processes. 
650 0 0 |a Stochastic integrals. 
650 0 0 |a Filters (Mathematics) 
700 1 |a Yor, Marc. 
700 1 |a Jeulin, Th.,   |d 1949-  |e edt 
830 0 |a Lecture notes in mathematics (Springer-Verlag)  |v  ; 1118 
852 |a INST  |b SAMOS  |e 19941103  |h 519.2 GRO  |p 005300006978  |q 005300006978  |t BK  |y 0 
909 |a Σ  |b 029002